| 000 -CABECERA |
| Longitud fija campo de control |
00542nam a2200193 a 4500 |
| 001 - NÚMERO DE CONTROL |
| Número de control |
2227 |
| 003 - IDENTIFICADOR DEL NÚMERO DE CONTROL |
| Identificador del número de control |
CDMR |
| 005 - FECHA Y HORA DE LA ÚLTIMA TRANSACCIÓN |
| Fecha y hora de la última transacción |
20131014165516.0 |
| 008 - CÓDIGOS DE INFORMACIÓN DE LONGITUD FIJA |
| Códigos de información de longitud fija |
130130s1975||||||||||||||||||||||||||||d |
| 020 ## - NÚMERO INTERNACIONAL NORMALIZADO PARA LIBROS |
| Número Internacional Normalizado para Libros (ISBN) |
848504617X |
| 040 ## - FUENTE DE LA CATALOGACIÓN |
| Centro catalogador de origen |
CDMR |
| Lengua de catalogación |
cat |
| Centro transcriptor |
CDMR |
| 100 1# - PUNTO DE ACCESO PRINCIPAL-NOMBRE DE PERSONA |
| Nombre de persona |
Rogado, Basilio |
| 9 (RLIN) |
1654 |
| 245 13 - MENCIÓN DE TÍTULO |
| Título |
La prensa del silencio |
| Resto del título |
: [un día en la vida de Informaciones] |
| Mención de responsabilidad, etc. |
Basilio Rogado |
| 260 ## - PUBLICACIÓN, DISTRIBUCIÓN, ETC. (PIE DE IMPRENTA) |
| Lugar de publicación, distribución, etc. |
Madrid |
| Fecha de publicación, distribución, etc. |
1975 |
| Nombre del editor, distribuidor, etc. |
Mirasierra |
| 300 ## - DESCRIPCIÓN FÍSICA |
| Extensión |
260 p. |
| 490 0# - MENCIÓN DE SERIE |
| Mención de serie |
Medios de Comunicación Social |
| 610 2# - PUNTO DE ACCESO ADICIONAL DE MATERIA - NOMBRE DE ENTIDAD CORPORATIVA |
| 9 (RLIN) |
4059 |
| Nombre de entidad corporativa o nombre de jurisdicción como elemento inicial |
Informaciones (Diari) |
| 942 ## - ENTRADA DE ELEMENTOS AGREGADOS (KOHA) |
| Koha [por defecto] tipo de item |
Monografies |
| Fuente de clasificaión o esquema |
|